| 000 | 00424nam a2200169Ia 4500 | ||
|---|---|---|---|
| 005 | 20250603145129.0 | ||
| 008 | 250603s9999 xx 000 0 und d | ||
| 020 | _a978-0-19-441621-4 | ||
| 100 | _aLawrence J. Zwier | ||
| 245 | 0 | _aInside Reading: The Academic Word List in Context 2 | |
| 260 | _aNew York | ||
| 260 | _bOxford University Press | ||
| 260 | _c2009 | ||
| 300 | _a22 p | ||
| 650 | _aNew York | ||
| 942 | _cBK | ||
| 999 |
_c40965 _d40965 |
||